| 000 | 00707cab a2200229 4500 | ||
|---|---|---|---|
| 001 | ABS56715 | ||
| 008 | 090401t1997 xxu||||| |||| 00| 0 eng d | ||
| 035 | _a(Sirsi) u77137 | ||
| 041 | _aeng | ||
| 100 | _aDavis, R. | ||
| 245 | 2 | _aA promise of work? | |
| 260 | _c1997 | ||
| 350 | _a0 | ||
| 490 |
_aBuilding Economist _vMarch 1997, 6-7(2) |
||
| 520 | _aWarns that the complicated tendering process could undermine the 100 health schemes the government has earmarked for the private finance initiative. Statistics. | ||
| 650 | _aHEALTH SECTOR | ||
| 650 | _aPFI | ||
| 650 | _aPRIVATE FINANCE INITIATIVE | ||
| 690 | _aPROPERTY-PROPERTY FINANCE AND INVESTMENT | ||
| 942 | _n0 | ||
| 948 | _c17/03/1997 | ||
| 999 |
_c48485 _d48485 |
||